Treba vytvoriť južné euro

Obnova zdravého eura požaduje politiku, ktorá oživí rast, zníži vládne výdavky a zreformuje silno regulované pracovné a produktové trhy. Disproporcie v južných krajinách si vyžadujú obnovu rastu, zvýšenie produktivity a zníženie reálnych miezd.

Enregistré dans:
Détails bibliographiques
Auteur principal: Meltzer, Allan H.
Format: Chapitre de livre
Langue:slovaque
Sujets:
Tags: Ajouter un tag
Pas de tags, Soyez le premier à ajouter un tag!

MARC

LEADER 00000naa a2200000 4500
001 0171858
005 20220725111652.5
041 0 |a slo 
044 |a SK 
245 1 0 |a Treba vytvoriť južné euro  |c Allan H. Meltzer 
520 |a Obnova zdravého eura požaduje politiku, ktorá oživí rast, zníži vládne výdavky a zreformuje silno regulované pracovné a produktové trhy. Disproporcie v južných krajinách si vyžadujú obnovu rastu, zvýšenie produktivity a zníženie reálnych miezd. 
610 2 0 |a Európska únia 
610 2 0 |a eurozóna 
610 2 0 |a euro 
610 2 0 |a produktivita 
610 2 0 |a politika fiškálna 
610 2 0 |a deficit rozpočtový 
610 2 0 |a bezpečnosť ekonomická 
100 1 |a Meltzer, Allan H.